| 000 | 00389nam a2200157Ia 4500 | ||
|---|---|---|---|
| 008 | 230711s9999||||xx |||||||||||||| ||und|| | ||
| 041 | _aENG | ||
| 082 |
_a720 _bLO-S |
||
| 100 | _aLook,D.C | ||
| 245 | 0 | _aSemi-Insulating III-V Materials: Kah-Nee-Ta 1984 | |
| 250 | _a1st Ed. | ||
| 260 |
_c1984 _aCambridge _bShiva Publishing Ltd. |
||
| 300 | _a504 | ||
| 650 | _aArchitecture | ||
| 942 | _cBK | ||
| 999 |
_c2051 _d2051 |
||